Supreme Court: America's judicial heritage (Record no. 357013)

000 -LEADER
fixed length control field 00348cam a22001217a 4500
008 - FIXED-LENGTH DATA ELEMENTS--GENERAL INFORMATION
fixed length control field 180718b1961 xxu||||| |||| 00| 0 eng d
082 ## - DEWEY DECIMAL CLASSIFICATION NUMBER
Classification number H211x73 Ac43
100 ## - MAIN ENTRY--PERSONAL NAME
Personal name Acheson, P.C.
245 ## - TITLE STATEMENT
Title Supreme Court: America's judicial heritage
Statement of responsibility, etc. by P.C. Acheson
260 ## - PUBLICATION, DISTRIBUTION, ETC.
Place of publication, distribution, etc. New York
Name of publisher, distributor, etc. Dodd
Date of publication, distribution, etc. 1961
300 ## - PHYSICAL DESCRIPTION
Extent 270p.
650 ## - SUBJECT ADDED ENTRY--TOPICAL TERM
Topical term or geographic name entry element United States. Supreme Court
Holdings
Withdrawn status Lost status Damaged status Not for loan Permanent Location Current Location Date acquired Full call number Barcode Date last seen Price effective from Koha item type
        Indian Institute of Public Administration Indian Institute of Public Administration 1994-01-11 H211x73 Ac43 28236 2018-07-21 2018-07-21 Book

Powered by Koha